000 00643nam a2200181 4500
001 122244
003 ES-MaACL
005 20230906191934.0
007 t|
008 070214s1966 sp r ||||1| spa d
100 1 _aPrieto Escudero, Germán.
_993926
245 1 3 _aEl estado del pensamiento social en la España decimonónica /
_cGermán Prieto Escudero.
260 _aMadrid :
_bInstituto de Estudios Políticos,
_c1966.
300 _a11 h. ;
_c24 cm.
500 _aSeparata de: Revista de Estudios Políticos, nº 149, pp. 47 - 67.
710 2 _aInstituto de Estudios Políticos (Madrid)
_94924
852 _aES-MaACL
_j2057-F-1
_bR.61951
999 _c122244
_d122244